Partners in development : Report of the commission on international development
Uloženo v:
| Hlavní autor: | |
|---|---|
| Médium: | Kniha |
| Jazyk: | Undetermined |
| Vydáno: |
New York
Preager Publishers
1969
|
| Témata: | |
| Tagy: |
Přidat tag
Žádné tagy, Buďte první, kdo otaguje tento záznam!
|
| Thư viện lưu trữ: | Trung tâm Học liệu Trường Đại học Cần Thơ |
|---|
| LEADER | 00588nam a2200205Ia 4500 | ||
|---|---|---|---|
| 001 | CTU_105668 | ||
| 008 | 210402s9999 xx 000 0 und d | ||
| 082 | |a 338.91 | ||
| 082 | |b P361 | ||
| 100 | |a Pearson, Lester B. | ||
| 245 | 0 | |a Partners in development : | |
| 245 | 0 | |b Report of the commission on international development | |
| 245 | 0 | |c Lester B Pearson | |
| 260 | |a New York | ||
| 260 | |b Preager Publishers | ||
| 260 | |c 1969 | ||
| 650 | |a Economic assistance | ||
| 650 | |x Developing countries | ||
| 904 | |i Nguyên | ||
| 980 | |a Trung tâm Học liệu Trường Đại học Cần Thơ | ||